MESTSKÁ KNIŽNICA GIRALTOVCE  - online katalóg 

Biografie vo výročných škôl z územia Slovenska za školské roky 1918/19-1952/53 (Record no. 15164)

000 -NÁVESTIE
fixed length control field 00330nam a2200109 a 4500
008 - ÚDAJE S PEVNOU DĹŽKOU – VŠEOBECNÉ INFORMÁCIE
fixed length control field 101213s2009|||| d
020 ## - MEDZINÁRODNÉ ŠTANDARDNÉ ČÍSLO KNIHY (ISBN)
Údaje o dostupnosti 10
041 ## - KÓD JAZYKA
Kód jazyka textu/zvukovej stopy alebo samostatných nápisov slo
044 ## - KÓD KRAJINY VYDAVATEĽA/PRODUCENTA
Kód krajiny MARC xo
Kód krajiny ISO SK
245 10 - NÁZOV
Názov Biografie vo výročných škôl z územia Slovenska za školské roky 1918/19-1952/53
260 ## - VYDAVATEĽSKÉ ÚDAJE, DISTRIBÚCIA ATĎ.
Názov vydavateľa, distibútora atď. Univerzitná knižnica
Miesto publikovania, distribúcie atď. Bratislava
Dátum publikovania, distribúcie atď. 2009
Holdings
Stav stiahnutia (Blokovanie) (Withrawn status) Stav straty Stav poškodenia (Damaged status) Nie pre výpožičky (Not for loan) Spôsob nadobudnutia (Collection code) Trvalé umiestnenie Aktuálne umiestnenie Dátum nadobudnutia Náklady, bežná kúpna cena Inventárne číslo (prírastkové číslo) Full call number Dátum posledného výskytu Cena s účinnosťou od Typ jednotky Koha
        Kúpa Mestská knižnica Giraltovce Mestská knižnica Giraltovce 2019-11-29 10.00 14200 I 0267 2019-11-29 2019-11-29 Odborná literatúra pre dospelých

Powered by Koha